000 00849nab a2200253 u 4500
001 19953
003 HDC
007 cr bn ---aaaaa
008 210303c |r|noo 0 a d
040 _aHDC
100 _aBarratut Taqiyyah,
_eauthor
_918193
245 0 _aINDONESIA DAN MALAYSIA PACU PRODUK HALAL /
_cby Barratut Taqiyyah
260 _a[No place] :
_b[publisher not identified],
_c2016
336 _atext
_2rdacontent
337 _acomputer
_2rdamedia
338 _aonline resource
_2rdacarrier
650 _aHalal food industry
_9128
650 _aHalal product
_948
710 _aKONTAN.CO.ID
856 _zRequest full-text at [email protected]
942 _2lcc
942 _cNEWS
942 _kNWSO 009858
999 _c17269
_d17269